000 00616nam a2200193 i 4500
001 37104
003 ES-MaACL
005 20260112153651.0
007 t|
008 030220s1907 it ||||1| ita d
100 1 _aBruno, Giordano.
_932197
245 1 0 _aOpere italiane /
_cGiordano Bruno ; nuovamente ristampati con note da Giovanni Gentile.
260 _aFirenze :
_bSalvadore Landi,
_c1907.
300 _a2 v. ;
_c22 cm.
505 8 _aContiene: I. Dialoghi metafisici. -- II. Dialoghi morali
700 1 _aGentile, Giovanni,
_d1875-1944
_956357
852 _aES-MaACL
_jF-8354-8355
999 _c37104
_d37104